2011 College Football AP Poll - Statistics

General Stats
  • This quiz has been taken 34 times
  • The average score is 309 of 400
Answer Stats
Week Rank Team W L Conference % Correct
Preseason 2 Alabama 0 0 SEC
100%
Week 1 (9/6) 3 Alabama 1 0 SEC
100%
Week 2 (9/11) 2 Alabama 2 0 SEC
100%
Week 3 (9/18) 3 Alabama 3 0 SEC
100%
Week 4 (9/25) 3 Alabama 4 0 SEC
100%
Week 5 (10/2) 2 Alabama 5 0 SEC
100%
Week 6 (10/9) 2 Alabama 6 0 SEC
100%
Week 7 (10/16) 2 Alabama 7 0 SEC
100%
Week 8 (10/23) 2 Alabama 7 0 SEC
100%
Week 9 (10/30) 2 Alabama 8 0 SEC
100%
Week 10 (11/6) 4 Alabama 8 1 SEC
100%
Week 11 (11/13) 3 Alabama 9 1 SEC
100%
Week 12 (11/20) 2 Alabama 10 1 SEC
100%
Week 13 (11/27) 2 Alabama 11 1 SEC
100%
Week 14 (12/4) 2 Alabama 11 1 SEC
100%
Postseason 1 Alabama 12 1 SEC
100%
Preseason 1 Oklahoma 0 0 Big 12
100%
Week 1 (9/6) 1 Oklahoma 1 0 Big 12
100%
Week 2 (9/11) 1 Oklahoma 1 0 Big 12
100%
Week 3 (9/18) 1 Oklahoma 2 0 Big 12
100%
Week 4 (9/25) 2 Oklahoma 3 0 Big 12
100%
Week 5 (10/2) 3 Oklahoma 4 0 Big 12
100%
Week 6 (10/9) 3 Oklahoma 5 0 Big 12
100%
Week 7 (10/16) 3 Oklahoma 6 0 Big 12
100%
Week 8 (10/23) 11 Oklahoma 6 1 Big 12
100%
Week 9 (10/30) 7 Oklahoma 7 1 Big 12
100%
Week 10 (11/6) 7 Oklahoma 8 1 Big 12
100%
Week 11 (11/13) 5 Oklahoma 8 1 Big 12
100%
Week 12 (11/20) 12 Oklahoma 8 2 Big 12
100%
Week 13 (11/27) 13 Oklahoma 9 2 Big 12
100%
Week 14 (12/4) 19 Oklahoma 9 3 Big 12
100%
Postseason 16 Oklahoma 10 3 Big 12
100%
Week 1 (9/6) 24 Texas 1 0 Big 12
100%
Week 2 (9/11) 23 Texas 2 0 Big 12
100%
Week 3 (9/18) 19 Texas 3 0 Big 12
100%
Week 4 (9/25) 17 Texas 3 0 Big 12
100%
Week 5 (10/2) 11 Texas 4 0 Big 12
100%
Week 6 (10/9) 22 Texas 4 1 Big 12
100%
Week 10 (11/6) 21 Texas 6 2 Big 12
100%
Preseason 5 Boise State 0 0 Mountain West
95%
Week 1 (9/6) 4 Boise State 1 0 Mountain West
95%
Week 2 (9/11) 4 Boise State 1 0 Mountain West
95%
Week 3 (9/18) 4 Boise State 2 0 Mountain West
95%
Week 4 (9/25) 4 Boise State 3 0 Mountain West
95%
Week 5 (10/2) 5 Boise State 4 0 Mountain West
95%
Week 6 (10/9) 5 Boise State 5 0 Mountain West
95%
Week 7 (10/16) 5 Boise State 6 0 Mountain West
95%
Week 8 (10/23) 5 Boise State 7 0 Mountain West
95%
Week 9 (10/30) 5 Boise State 7 0 Mountain West
95%
Week 10 (11/6) 5 Boise State 8 0 Mountain West
95%
Week 11 (11/13) 10 Boise State 8 1 Mountain West
95%
Week 12 (11/20) 7 Boise State 9 1 Mountain West
95%
Week 13 (11/27) 9 Boise State 10 1 Mountain West
95%
Week 14 (12/4) 8 Boise State 11 1 Mountain West
95%
Postseason 8 Boise State 12 1 Mountain West
95%
Preseason 3 Oregon 0 0 Pac-12
95%
Week 1 (9/6) 13 Oregon 0 1 Pac-12
95%
Week 2 (9/11) 12 Oregon 1 1 Pac-12
95%
Week 3 (9/18) 10 Oregon 2 1 Pac-12
95%
Week 4 (9/25) 9 Oregon 3 1 Pac-12
95%
Week 5 (10/2) 9 Oregon 3 1 Pac-12
95%
Week 6 (10/9) 9 Oregon 4 1 Pac-12
95%
Week 7 (10/16) 9 Oregon 5 1 Pac-12
95%
Week 8 (10/23) 7 Oregon 6 1 Pac-12
95%
Week 9 (10/30) 6 Oregon 7 1 Pac-12
95%
Week 10 (11/6) 6 Oregon 8 1 Pac-12
95%
Week 11 (11/13) 4 Oregon 9 1 Pac-12
95%
Week 12 (11/20) 9 Oregon 9 2 Pac-12
95%
Week 13 (11/27) 8 Oregon 10 2 Pac-12
95%
Week 14 (12/4) 6 Oregon 11 2 Pac-12
95%
Postseason 4 Oregon 12 2 Pac-12
95%
Week 3 (9/18) 21 Clemson 3 0 ACC
90%
Week 4 (9/25) 13 Clemson 4 0 ACC
90%
Week 5 (10/2) 8 Clemson 5 0 ACC
90%
Week 6 (10/9) 8 Clemson 6 0 ACC
90%
Week 7 (10/16) 8 Clemson 7 0 ACC
90%
Week 8 (10/23) 6 Clemson 8 0 ACC
90%
Week 9 (10/30) 11 Clemson 8 1 ACC
90%
Week 10 (11/6) 9 Clemson 8 1 ACC
90%
Week 11 (11/13) 7 Clemson 9 1 ACC
90%
Week 12 (11/20) 18 Clemson 9 2 ACC
90%
Week 13 (11/27) 21 Clemson 9 3 ACC
90%
Week 14 (12/4) 14 Clemson 10 3 ACC
90%
Postseason 22 Clemson 10 4 ACC
90%
Preseason 22 Florida 0 0 SEC
90%
Week 1 (9/6) 18 Florida 1 0 SEC
90%
Week 2 (9/11) 16 Florida 2 0 SEC
90%
Week 3 (9/18) 15 Florida 3 0 SEC
90%
Week 4 (9/25) 12 Florida 4 0 SEC
90%
Week 5 (10/2) 17 Florida 4 1 SEC
90%
Preseason 6 Florida State 0 0 ACC
90%
Week 1 (9/6) 5 Florida State 1 0 ACC
90%
Week 2 (9/11) 5 Florida State 2 0 ACC
90%
Week 3 (9/18) 11 Florida State 2 1 ACC
90%
Week 4 (9/25) 23 Florida State 2 2 ACC
90%
Week 5 (10/2) 23 Florida State 2 2 ACC
90%
Week 11 (11/13) 23 Florida State 7 3 ACC
90%
Week 13 (11/27) 25 Florida State 8 4 ACC
90%
Week 14 (12/4) 25 Florida State 8 4 ACC
90%
Postseason 23 Florida State 9 4 ACC
90%
Preseason 4 LSU 0 0 SEC
90%
Week 1 (9/6) 2 LSU 1 0 SEC
90%
Week 2 (9/11) 3 LSU 2 0 SEC
90%
Week 3 (9/18) 2 LSU 3 0 SEC
90%
Week 4 (9/25) 1 LSU 4 0 SEC
90%
Week 5 (10/2) 1 LSU 5 0 SEC
90%
Week 6 (10/9) 1 LSU 6 0 SEC
90%
Week 7 (10/16) 1 LSU 7 0 SEC
90%
Week 8 (10/23) 1 LSU 8 0 SEC
90%
Week 9 (10/30) 1 LSU 8 0 SEC
90%
Week 10 (11/6) 1 LSU 9 0 SEC
90%
Week 11 (11/13) 1 LSU 10 0 SEC
90%
Week 12 (11/20) 1 LSU 11 0 SEC
90%
Week 13 (11/27) 1 LSU 12 0 SEC
90%
Week 14 (12/4) 1 LSU 13 0 SEC
90%
Postseason 2 LSU 13 1 SEC
90%
Week 3 (9/18) 22 Michigan 3 0 Big Ten
90%
Week 4 (9/25) 19 Michigan 4 0 Big Ten
90%
Week 5 (10/2) 12 Michigan 5 0 Big Ten
90%
Week 6 (10/9) 11 Michigan 6 0 Big Ten
90%
Week 7 (10/16) 18 Michigan 6 1 Big Ten
90%
Week 8 (10/23) 17 Michigan 6 1 Big Ten
90%
Week 9 (10/30) 13 Michigan 7 1 Big Ten
90%
Week 10 (11/6) 22 Michigan 7 2 Big Ten
90%
Week 11 (11/13) 20 Michigan 8 2 Big Ten
90%
Week 12 (11/20) 17 Michigan 9 2 Big Ten
90%
Week 13 (11/27) 17 Michigan 10 2 Big Ten
90%
Week 14 (12/4) 13 Michigan 10 2 Big Ten
90%
Postseason 12 Michigan 11 2 Big Ten
90%
Preseason 25 USC 0 0 Pac-12
90%
Week 3 (9/18) 23 USC 3 0 Pac-12
90%
Week 8 (10/23) 20 USC 6 1 Pac-12
90%
Week 9 (10/30) 21 USC 6 2 Pac-12
90%
Week 10 (11/6) 18 USC 7 2 Pac-12
90%
Week 11 (11/13) 18 USC 8 2 Pac-12
90%
Week 12 (11/20) 10 USC 9 2 Pac-12
90%
Week 13 (11/27) 9 USC 10 2 Pac-12
90%
Week 14 (12/4) 5 USC 10 2 Pac-12
90%
Postseason 6 USC 10 2 Pac-12
90%
Preseason 23 Auburn 0 0 SEC
85%
Week 2 (9/11) 21 Auburn 2 0 SEC
85%
Week 5 (10/2) 15 Auburn 4 1 SEC
85%
Week 6 (10/9) 24 Auburn 4 2 SEC
85%
Week 7 (10/16) 19 Auburn 5 2 SEC
85%
Week 9 (10/30) 25 Auburn 6 3 SEC
85%
Week 10 (11/6) 24 Auburn 6 3 SEC
85%
Preseason 17 Michigan State 0 0 Big Ten
85%
Week 1 (9/6) 17 Michigan State 1 0 Big Ten
85%
Week 2 (9/11) 15 Michigan State 2 0 Big Ten
85%
Week 6 (10/9) 23 Michigan State 4 1 Big Ten
85%
Week 7 (10/16) 15 Michigan State 5 1 Big Ten
85%
Week 8 (10/23) 9 Michigan State 6 1 Big Ten
85%
Week 9 (10/30) 15 Michigan State 6 2 Big Ten
85%
Week 10 (11/6) 13 Michigan State 7 2 Big Ten
85%
Week 11 (11/13) 12 Michigan State 8 2 Big Ten
85%
Week 12 (11/20) 11 Michigan State 9 2 Big Ten
85%
Week 13 (11/27) 11 Michigan State 10 2 Big Ten
85%
Week 14 (12/4) 12 Michigan State 10 3 Big Ten
85%
Postseason 11 Michigan State 11 3 Big Ten
85%
Preseason 18 Ohio State 0 0 Big Ten
85%
Week 1 (9/6) 15 Ohio State 1 0 Big Ten
85%
Week 2 (9/11) 17 Ohio State 2 0 Big Ten
85%
Preseason 16 Notre Dame 0 0 Independent
80%
Week 11 (11/13) 24 Notre Dame 7 3 Independent
80%
Week 12 (11/20) 22 Notre Dame 8 3 Independent
80%
Week 1 (9/6) 23 Penn State 1 0 Big Ten
80%
Week 8 (10/23) 21 Penn State 7 1 Big Ten
80%
Week 9 (10/30) 16 Penn State 8 1 Big Ten
80%
Week 10 (11/6) 12 Penn State 8 1 Big Ten
80%
Week 11 (11/13) 21 Penn State 8 2 Big Ten
80%
Week 12 (11/20) 20 Penn State 9 2 Big Ten
80%
Week 13 (11/27) 23 Penn State 9 3 Big Ten
80%
Week 14 (12/4) 24 Penn State 9 3 Big Ten
80%
Preseason 7 Stanford 0 0 Pac-12
80%
Week 1 (9/6) 6 Stanford 1 0 Pac-12
80%
Week 2 (9/11) 6 Stanford 2 0 Pac-12
80%
Week 3 (9/18) 5 Stanford 3 0 Pac-12
80%
Week 4 (9/25) 6 Stanford 3 0 Pac-12
80%
Week 5 (10/2) 7 Stanford 4 0 Pac-12
80%
Week 6 (10/9) 7 Stanford 5 0 Pac-12
80%
Week 7 (10/16) 7 Stanford 6 0 Pac-12
80%
Week 8 (10/23) 4 Stanford 7 0 Pac-12
80%
Week 9 (10/30) 4 Stanford 8 0 Pac-12
80%
Week 10 (11/6) 3 Stanford 9 0 Pac-12
80%
Week 11 (11/13) 8 Stanford 9 1 Pac-12
80%
Week 12 (11/20) 4 Stanford 10 1 Pac-12
80%
Week 13 (11/27) 4 Stanford 11 1 Pac-12
80%
Week 14 (12/4) 4 Stanford 11 1 Pac-12
80%
Postseason 7 Stanford 11 2 Pac-12
80%
Preseason 14 TCU 0 0 Mountain West
80%
Week 1 (9/6) 25 TCU 0 1 Mountain West
80%
Week 2 (9/11) 23 TCU 1 1 Mountain West
80%
Week 3 (9/18) 20 TCU 2 1 Mountain West
80%
Week 4 (9/25) 20 TCU 3 1 Mountain West
80%
Week 11 (11/13) 19 TCU 8 2 Mountain West
80%
Week 12 (11/20) 19 TCU 9 2 Mountain West
80%
Week 13 (11/27) 18 TCU 9 2 Mountain West
80%
Week 14 (12/4) 16 TCU 10 2 Mountain West
80%
Postseason 14 TCU 11 2 Mountain West
80%
Preseason 11 Wisconsin 0 0 Big Ten
80%
Week 1 (9/6) 8 Wisconsin 1 0 Big Ten
80%
Week 2 (9/11) 7 Wisconsin 2 0 Big Ten
80%
Week 3 (9/18) 6 Wisconsin 3 0 Big Ten
80%
Week 4 (9/25) 7 Wisconsin 4 0 Big Ten
80%
Week 5 (10/2) 4 Wisconsin 5 0 Big Ten
80%
Week 6 (10/9) 4 Wisconsin 5 0 Big Ten
80%
Week 7 (10/16) 4 Wisconsin 6 0 Big Ten
80%
Week 8 (10/23) 12 Wisconsin 6 1 Big Ten
80%
Week 9 (10/30) 19 Wisconsin 6 2 Big Ten
80%
Week 10 (11/6) 16 Wisconsin 7 2 Big Ten
80%
Week 11 (11/13) 15 Wisconsin 8 2 Big Ten
80%
Week 12 (11/20) 15 Wisconsin 9 2 Big Ten
80%
Week 13 (11/27) 15 Wisconsin 10 2 Big Ten
80%
Week 14 (12/4) 9 Wisconsin 11 2 Big Ten
80%
Postseason 10 Wisconsin 11 3 Big Ten
80%
Preseason 19 Georgia 0 0 SEC
75%
Week 7 (10/16) 24 Georgia 5 2 SEC
75%
Week 8 (10/23) 22 Georgia 5 2 SEC
75%
Week 9 (10/30) 18 Georgia 6 2 SEC
75%
Week 10 (11/6) 14 Georgia 7 2 SEC
75%
Week 11 (11/13) 13 Georgia 8 2 SEC
75%
Week 12 (11/20) 13 Georgia 9 2 SEC
75%
Week 13 (11/27) 12 Georgia 10 2 SEC
75%
Week 14 (12/4) 18 Georgia 10 3 SEC
75%
Postseason 19 Georgia 10 4 SEC
75%
Preseason 12 South Carolina 0 0 SEC
75%
Week 1 (9/6) 12 South Carolina 1 0 SEC
75%
Week 2 (9/11) 10 South Carolina 2 0 SEC
75%
Week 3 (9/18) 12 South Carolina 3 0 SEC
75%
Week 4 (9/25) 10 South Carolina 4 0 SEC
75%
Week 5 (10/2) 18 South Carolina 4 1 SEC
75%
Week 6 (10/9) 15 South Carolina 5 1 SEC
75%
Week 7 (10/16) 14 South Carolina 6 1 SEC
75%
Week 8 (10/23) 14 South Carolina 6 1 SEC
75%
Week 9 (10/30) 10 South Carolina 7 1 SEC
75%
Week 10 (11/6) 15 South Carolina 7 2 SEC
75%
Week 11 (11/13) 14 South Carolina 8 2 SEC
75%
Week 12 (11/20) 14 South Carolina 9 2 SEC
75%
Week 13 (11/27) 14 South Carolina 10 2 SEC
75%
Week 14 (12/4) 10 South Carolina 10 2 SEC
75%
Postseason 9 South Carolina 11 2 SEC
75%
Preseason 8 Texas A&M 0 0 Big 12
75%
Week 1 (9/6) 7 Texas A&M 1 0 Big 12
75%
Week 2 (9/11) 9 Texas A&M 1 0 Big 12
75%
Week 3 (9/18) 8 Texas A&M 2 0 Big 12
75%
Week 4 (9/25) 14 Texas A&M 2 1 Big 12
75%
Week 5 (10/2) 24 Texas A&M 2 2 Big 12
75%
Week 6 (10/9) 21 Texas A&M 3 2 Big 12
75%
Week 7 (10/16) 17 Texas A&M 4 2 Big 12
75%
Week 8 (10/23) 16 Texas A&M 5 2 Big 12
75%
Preseason 24 West Virginia 0 0 Big East
75%
Week 1 (9/6) 19 West Virginia 1 0 Big East
75%
Week 2 (9/11) 18 West Virginia 2 0 Big East
75%
Week 3 (9/18) 16 West Virginia 3 0 Big East
75%
Week 4 (9/25) 22 West Virginia 3 1 Big East
75%
Week 5 (10/2) 16 West Virginia 4 1 Big East
75%
Week 6 (10/9) 13 West Virginia 5 1 Big East
75%
Week 7 (10/16) 11 West Virginia 5 1 Big East
75%
Week 8 (10/23) 25 West Virginia 5 2 Big East
75%
Week 9 (10/30) 24 West Virginia 6 2 Big East
75%
Week 13 (11/27) 22 West Virginia 8 3 Big East
75%
Week 14 (12/4) 23 West Virginia 9 3 Big East
75%
Postseason 17 West Virginia 10 3 Big East
75%
Week 1 (9/6) 20 Baylor 1 0 Big 12
70%
Week 2 (9/11) 19 Baylor 1 0 Big 12
70%
Week 3 (9/18) 17 Baylor 2 0 Big 12
70%
Week 4 (9/25) 15 Baylor 3 0 Big 12
70%
Week 5 (10/2) 25 Baylor 3 1 Big 12
70%
Week 6 (10/9) 20 Baylor 4 1 Big 12
70%
Week 11 (11/13) 25 Baylor 6 3 Big 12
70%
Week 12 (11/20) 21 Baylor 7 3 Big 12
70%
Week 13 (11/27) 19 Baylor 8 3 Big 12
70%
Week 14 (12/4) 15 Baylor 9 3 Big 12
70%
Postseason 13 Baylor 10 3 Big 12
70%
Week 5 (10/2) 20 Kansas State 4 0 Big 12
70%
Week 6 (10/9) 17 Kansas State 5 0 Big 12
70%
Week 7 (10/16) 12 Kansas State 6 0 Big 12
70%
Week 8 (10/23) 10 Kansas State 7 0 Big 12
70%
Week 9 (10/30) 17 Kansas State 7 1 Big 12
70%
Week 10 (11/6) 17 Kansas State 7 2 Big 12
70%
Week 11 (11/13) 16 Kansas State 8 2 Big 12
70%
Week 12 (11/20) 16 Kansas State 9 2 Big 12
70%
Week 13 (11/27) 16 Kansas State 9 2 Big 12
70%
Week 14 (12/4) 11 Kansas State 10 2 Big 12
70%
Postseason 15 Kansas State 10 3 Big 12
70%
Preseason 10 Nebraska 0 0 Big Ten
70%
Week 1 (9/6) 10 Nebraska 1 0 Big Ten
70%
Week 2 (9/11) 11 Nebraska 2 0 Big Ten
70%
Week 3 (9/18) 9 Nebraska 3 0 Big Ten
70%
Week 4 (9/25) 8 Nebraska 4 0 Big Ten
70%
Week 5 (10/2) 14 Nebraska 4 1 Big Ten
70%
Week 6 (10/9) 14 Nebraska 5 1 Big 12
70%
Week 7 (10/16) 13 Nebraska 5 1 Big Ten
70%
Week 8 (10/23) 13 Nebraska 6 1 Big Ten
70%
Week 9 (10/30) 9 Nebraska 7 1 Big Ten
70%
Week 10 (11/6) 19 Nebraska 7 2 Big Ten
70%
Week 11 (11/13) 17 Nebraska 8 2 Big Ten
70%
Week 12 (11/20) 22 Nebraska 8 3 Big Ten
70%
Week 13 (11/27) 20 Nebraska 9 3 Big Ten
70%
Week 14 (12/4) 21 Nebraska 9 3 Big Ten
70%
Postseason 24 Nebraska 9 4 Big Ten
70%
Preseason 9 Oklahoma State 0 0 Big 12
70%
Week 1 (9/6) 9 Oklahoma State 1 0 Big 12
70%
Week 2 (9/11) 8 Oklahoma State 2 0 Big 12
70%
Week 3 (9/18) 7 Oklahoma State 3 0 Big 12
70%
Week 4 (9/25) 5 Oklahoma State 4 0 Big 12
70%
Week 5 (10/2) 6 Oklahoma State 4 0 Big 12
70%
Week 6 (10/9) 6 Oklahoma State 5 0 Big 12
70%
Week 7 (10/16) 6 Oklahoma State 6 0 Big 12
70%
Week 8 (10/23) 3 Oklahoma State 7 0 Big 12
70%
Week 9 (10/30) 3 Oklahoma State 8 0 Big 12
70%
Week 10 (11/6) 2 Oklahoma State 9 0 Big 12
70%
Week 11 (11/13) 2 Oklahoma State 10 0 Big 12
70%
Week 12 (11/20) 5 Oklahoma State 10 1 Big 12
70%
Week 13 (11/27) 3 Oklahoma State 10 1 Big 12
70%
Week 14 (12/4) 3 Oklahoma State 11 1 Big 12
70%
Postseason 3 Oklahoma State 12 1 Big 12
70%
Week 12 (11/20) 24 Virginia 8 3 ACC
70%
Preseason 13 Virginia Tech 0 0 ACC
70%
Week 1 (9/6) 11 Virginia Tech 1 0 ACC
70%
Week 2 (9/11) 13 Virginia Tech 2 0 ACC
70%
Week 3 (9/18) 13 Virginia Tech 3 0 ACC
70%
Week 4 (9/25) 11 Virginia Tech 4 0 ACC
70%
Week 5 (10/2) 21 Virginia Tech 4 1 ACC
70%
Week 6 (10/9) 19 Virginia Tech 5 1 ACC
70%
Week 7 (10/16) 16 Virginia Tech 6 1 ACC
70%
Week 8 (10/23) 15 Virginia Tech 7 1 ACC
70%
Week 9 (10/30) 12 Virginia Tech 8 1 ACC
70%
Week 10 (11/6) 10 Virginia Tech 8 1 ACC
70%
Week 11 (11/13) 9 Virginia Tech 9 1 ACC
70%
Week 12 (11/20) 6 Virginia Tech 10 1 ACC
70%
Week 13 (11/27) 5 Virginia Tech 11 1 ACC
70%
Week 14 (12/4) 17 Virginia Tech 11 2 ACC
70%
Postseason 21 Virginia Tech 11 3 ACC
70%
Week 7 (10/16) 22 Washington 5 1 Pac-12
70%
Preseason 15 Arkansas 0 0 SEC
65%
Week 1 (9/6) 14 Arkansas 1 0 SEC
65%
Week 2 (9/11) 14 Arkansas 2 0 SEC
65%
Week 3 (9/18) 14 Arkansas 3 0 SEC
65%
Week 4 (9/25) 18 Arkansas 3 1 SEC
65%
Week 5 (10/2) 10 Arkansas 4 1 SEC
65%
Week 6 (10/9) 10 Arkansas 5 1 SEC
65%
Week 7 (10/16) 10 Arkansas 5 1 SEC
65%
Week 8 (10/23) 8 Arkansas 6 1 SEC
65%
Week 9 (10/30) 8 Arkansas 7 1 SEC
65%
Week 10 (11/6) 8 Arkansas 8 1 SEC
65%
Week 11 (11/13) 6 Arkansas 9 1 SEC
65%
Week 12 (11/20) 3 Arkansas 10 1 SEC
65%
Week 13 (11/27) 6 Arkansas 10 2 SEC
65%
Week 14 (12/4) 7 Arkansas 10 2 SEC
65%
Postseason 5 Arkansas 11 2 SEC
65%
Week 3 (9/18) 25 Georgia Tech 3 0 ACC
65%
Week 4 (9/25) 21 Georgia Tech 4 0 ACC
65%
Week 5 (10/2) 13 Georgia Tech 5 0 ACC
65%
Week 6 (10/9) 12 Georgia Tech 6 0 ACC
65%
Week 7 (10/16) 20 Georgia Tech 6 1 ACC
65%
Week 9 (10/30) 22 Georgia Tech 7 2 ACC
65%
Week 10 (11/6) 20 Georgia Tech 7 2 ACC
65%
Week 12 (11/20) 25 Georgia Tech 8 3 ACC
65%
Preseason 21 Missouri 0 0 Big 12
60%
Week 1 (9/6) 21 Missouri 1 0 Big 12
60%
Week 8 (10/23) 19 Texas Tech 5 2 Big 12
60%
Preseason 20 Mississippi State 0 0 SEC
55%
Week 1 (9/6) 16 Mississippi State 1 0 SEC
55%
Week 2 (9/11) 25 Mississippi State 1 1 SEC
55%
Week 2 (9/11) 22 Arizona State 2 0 Pac-12
45%
Week 4 (9/25) 25 Arizona State 3 1 Pac-12
45%
Week 5 (10/2) 22 Arizona State 4 1 Pac-12
45%
Week 6 (10/9) 18 Arizona State 5 1 Pac-12
45%
Week 7 (10/16) 24 Arizona State 5 2 Pac-12
45%
Week 8 (10/23) 23 Arizona State 5 2 Pac-12
45%
Week 9 (10/30) 20 Arizona State 6 2 Pac-12
45%
Week 6 (10/9) 25 Houston 6 0 C-USA
35%
Week 7 (10/16) 21 Houston 6 0 C-USA
35%
Week 8 (10/23) 18 Houston 7 0 C-USA
35%
Week 9 (10/30) 14 Houston 8 0 C-USA
35%
Week 10 (11/6) 11 Houston 9 0 C-USA
35%
Week 11 (11/13) 11 Houston 10 0 C-USA
35%
Week 12 (11/20) 8 Houston 11 0 C-USA
35%
Week 13 (11/27) 7 Houston 12 0 C-USA
35%
Week 14 (12/4) 20 Houston 12 1 C-USA
35%
Postseason 18 Houston 13 1 C-USA
35%
Week 8 (10/23) 24 Cincinnati 6 1 Big East
30%
Week 9 (10/30) 23 Cincinnati 6 1 Big East
30%
Week 10 (11/6) 23 Cincinnati 7 1 Big East
30%
Postseason 25 Cincinnati 10 3 Big East
30%
Week 1 (9/6) 22 South Florida 1 0 Big East
30%
Week 2 (9/11) 20 South Florida 2 0 Big East
30%
Week 3 (9/18) 18 South Florida 3 0 Big East
30%
Week 4 (9/25) 16 South Florida 4 0 Big East
30%
Week 3 (9/18) 24 Illinois 3 0 Big Ten
20%
Week 4 (9/25) 24 Illinois 4 0 Big Ten
20%
Week 5 (10/2) 19 Illinois 5 0 Big Ten
20%
Week 6 (10/9) 16 Illinois 6 0 Big Ten
20%
Week 7 (10/16) 23 Illinois 6 1 Big Ten
20%
Week 10 (11/6) 25 Southern Miss 8 1 C-USA
10%
Week 11 (11/13) 22 Southern Miss 9 1 C-USA
10%
Week 13 (11/27) 24 Southern Miss 10 2 C-USA
10%
Week 14 (12/4) 22 Southern Miss 11 2 C-USA
10%
Postseason 20 Southern Miss 12 2 C-USA
10%
No matching quizzes found
Score Distribution
Percent of People with Each Score
Percentile by Number Answered
Your Score History
You have not taken this quiz